| 000 | 00640nam a2200205 i 4500 | ||
|---|---|---|---|
| 001 | 62770 | ||
| 003 | ES-MaACL | ||
| 005 | 20250930063056.0 | ||
| 007 | t| | ||
| 008 | 031125s1929 sp |||| | spa d | ||
| 100 | 1 |
_aFernández, Fidel, _d1890-1942 _9162426 |
|
| 245 | 1 | 4 |
_aLos problemas clínicos de la úlcera del estómago / _cFidel Fernández Martínez. |
| 260 |
_aMadrid : _b[s.n.], _c1929 ( _fSuc. Enrique Teodoro) |
||
| 300 |
_a118 p. ; _c18 cm. |
||
| 490 | 1 | _aEl siglo médico | |
| 650 | 4 |
_aEstómago- _xÚlceras. _9144394 |
|
| 830 | 0 |
_aEl siglo médico _9182853 |
|
| 852 |
_aES-MaACL _jC-19511 |
||
| 999 |
_c62770 _d62770 |
||